The illustrated dictionary of electronics / (Record no. 61091)

000 -LEADER
fixed length control field 00966pam a2200277 a 4500
001 - CONTROL NUMBER
control field 4276979
003 - CONTROL NUMBER IDENTIFIER
control field NUST-PNEC
005 - DATE AND TIME OF LATEST TRANSACTION
control field 20170116180714.0
008 - FIXED-LENGTH DATA ELEMENTS--GENERAL INFORMATION
fixed length control field 850214s1985 paua d 001 0 eng
010 ## - LIBRARY OF CONGRESS CONTROL NUMBER
LC control number 85004623
020 ## - INTERNATIONAL STANDARD BOOK NUMBER
International Standard Book Number 0830608664 :
Terms of availability $34.95
020 ## - INTERNATIONAL STANDARD BOOK NUMBER
International Standard Book Number 083061866X
040 ## - CATALOGING SOURCE
Original cataloging agency DLC
Transcribing agency PNEC
Modifying agency DLC
050 00 - LIBRARY OF CONGRESS CALL NUMBER
Classification number TK7804
Item number .T87 1985
082 00 - DEWEY DECIMAL CLASSIFICATION NUMBER
Classification number 621.38103 TUR
100 1# - MAIN ENTRY--PERSONAL NAME
Personal name Turner, Rufus P.
245 14 - TITLE STATEMENT
Title The illustrated dictionary of electronics /
Statement of responsibility, etc. Rufus P. Turner & Stan Gibilisco.
250 ## - EDITION STATEMENT
Edition statement 3rd ed.
260 ## - PUBLICATION, DISTRIBUTION, ETC.
Place of publication, distribution, etc. Blue Ridge Summit, Pa. :
Name of publisher, distributor, etc. Tab Books,
Date of publication, distribution, etc. c1985.
300 ## - PHYSICAL DESCRIPTION
Extent vii, 595 p. :
Other physical details ill. ;
Dimensions 25 cm.
500 ## - GENERAL NOTE
General note Includes index. http://www.amazon.com/illustrated-dictionary-electronics-Rufus-Turner/dp/0830608664/ref=sr_1_1?s=books&ie=UTF8&qid=1413443457&sr=1-1&keywords=0830608664
650 #0 - SUBJECT ADDED ENTRY--TOPICAL TERM
Topical term or geographic name entry element Electronics
General subdivision Dictionaries.
700 1# - ADDED ENTRY--PERSONAL NAME
Personal name Gibilisco, Stan.
906 ## - LOCAL DATA ELEMENT F, LDF (RLIN)
a 7
b cbc
c orignew
d 1
e ocip
f 19
g y-gencatlg
942 ## - ADDED ENTRY ELEMENTS (KOHA)
Source of classification or shelving scheme
Koha item type Book
Holdings
Withdrawn status Lost status Source of classification or shelving scheme Damaged status Not for loan Permanent Location Current Location Shelving location Date acquired Source of acquisition Cost, normal purchase price Total Checkouts Full call number Barcode Date last seen Cost, replacement price Price effective from Koha item type
          Pakistan Navy Engineering College (PNEC) Pakistan Navy Engineering College (PNEC) Reference   Pak Book Corporation 316.94   621.38103 TUR PNECLIB-012086 10/16/2014 316.94   Book
© 2023 Central Library, National University of Sciences and Technology. All Rights Reserved.